| 000 | 00439nam a2200157 i 4500 | ||
|---|---|---|---|
| 001 | 103882 | ||
| 003 | ES-MaACL | ||
| 005 | 20230906183450.0 | ||
| 007 | t| | ||
| 008 | 051121s1969 sp ||||1| spa d | ||
| 100 | 1 |
_aMeyer, Gastón. _980789 |
|
| 245 | 1 | 3 |
_aEl atletismo, medida del hombre / _cGastón Meyer. |
| 260 |
_aMadrid : _bComité Olimpico Español, _c1969. |
||
| 300 |
_a88 p. ; _c21 cm. |
||
| 852 |
_aES-MaACL _jC-49899 _bR.68801 |
||
| 999 |
_c103882 _d103882 |
||